Autismo: hacia una explicación del enigma
Guardat en:
| Autor principal: | |
|---|---|
| Format: | Llibre |
| Idioma: | espanyol |
| Publicat: |
Madrid
Alianza
1991
|
| Col·lecció: | Alianza psicología minor, 3
|
| Matèries: | |
| Etiquetes: |
Afegir etiqueta
Sense etiquetes, Sigues el primer a etiquetar aquest registre!
|
MARC
| LEADER | 00000nam a2200000 a 4500 | ||
|---|---|---|---|
| 001 | UCW6911 | ||
| 003 | CL-VaPUC | ||
| 008 | 920706e19910000SP |||||||||||||||||spa|d | ||
| 082 | 0 | 4 | |a 616.898 |b FRI |2 21 |
| 100 | 0 | |a Frith, Uta |e author |9 311989 | |
| 245 | 1 | 0 | |a Autismo: hacia una explicación del enigma |
| 300 | |a 274 p | ||
| 942 | |c BK | ||
| 945 | |d 19920706 00:00:00 |a rbrito | ||
| 260 | |a Madrid |b Alianza |c 1991 | ||
| 650 | 0 | |a Autismo |9 307911 | |
| 650 | 7 | |a PSICOPATOLOGIA INFANTIL |2 CL-VaPUC |9 307474 | |
| 583 | |a last modification |c 19920706 00:00:00 |k Rodrigo Vera | ||
| 490 | 0 | |a Alianza psicología minor, 3 | |
| 999 | |c 219815 |d 219813 | ||
| 952 | |0 0 |1 0 |4 0 |6 616_898000000000000_FRI_1991 |7 0 |8 A |9 211176 |a BIBEDU |b BIBEDU |d 2019-11-15 |i 295821K |o 616.898 FRI 1991 |p 295821K |r 2019-11-15 |w 2019-11-15 |y BK |k EPE | ||
| 952 | |0 0 |1 0 |4 0 |6 616_898000000000000_FRI_1991 |7 0 |8 A |9 211177 |a BIBEDU |b BIBEDU |d 2019-11-15 |i 3404854 |o 616.898 FRI 1991 |p 3404854 |r 2019-11-15 |w 2019-11-15 |y BK |k EPE | ||
| 952 | |0 0 |1 0 |4 0 |6 616_898000000000000_FRI_1991 |7 0 |8 A |9 211178 |a FDOPOS |b FDOPOS |d 2019-11-15 |i 3480186 |o 616.898 FRI 1991 |p 3480186 |r 2025-01-22 |w 2019-11-15 |y BK |k MLA | ||